| 000 | 00534nam a2200193 a 4500 | ||
|---|---|---|---|
| 001 | 1771666394702 | ||
| 003 | YourLibrary | ||
| 005 | 20260221150456.0 | ||
| 008 | 260221s2000##################000#0#eng## | ||
| 020 | _a9780521643306 | ||
| 082 | 0 | 4 |
_a338.6 _bGAL |
| 100 | 1 |
_aGale, Douglas, _eauthor. |
|
| 245 | 1 | 0 | _aStrategic Foundations of General Equilibrium : |
| 260 |
_bCambridge University Press, _c2000. |
||
| 300 | _a232 pages | ||
| 650 | 0 | _aBusiness & Economics. | |
| 942 | _cENGLISH | ||
| 040 |
_aYourLibrary _beng _cYourLibrary |
||
| 999 |
_c615341 _d615341 |
||